All players in FIFA World XI - Statistics

General Stats
  • This quiz has been taken 130 times
  • The average score is 158 of 176
Answer Stats
Year Position Club Answer % Correct
FW | MF Juventus | Manchester United | Manchester United/Real Madrid | +2 others Cristiano Ronaldo
98%
FW FC Barcelona Lionel Messi
96%
MF Real Madrid Luka Modric
96%
2013 | 2014 | 2015 | 2016 GK FC Bayern Manuel Neuer
96%
2019 | 2020 GK FC Liverpool Alisson
95%
DF Real Madrid Sergio Ramos
95%
MF FC Bayern/Real Madrid | Real Madrid Toni Kroos
95%
MF FC Barcelona Xavi
95%
MF FC Barcelona Andres Iniesta
94%
2006 | 2007 | 2017 GK Juventus Gianluigi Buffon
94%
DF Real Madrid Marcelo
94%
DF FC Bayern Philipp Lahm
94%
DF Paris Saint-Germain Thiago Silva
94%
DF FC Liverpool Virgil van Dijk
94%
2008 | 2009 | 2010 | +2 others GK Real Madrid Iker Casillas
93%
MF Manchester City Kevin de Bruyne
93%
DF AC Milan Paolo Maldini
93%
DF FC Barcelona | FC Barcelona/Juventus | Juventus/Paris Saint-Germain | Paris Saint-Germain Dani Alves
92%
2018 GK Manchester United David de Gea
92%
DF FC Barcelona Gerard Pique
92%
FW Paris Saint-Germain Kylian Mbappe
92%
FW FC Barcelona | FC Barcelona/Paris Saint-Germain Neymar
92%
FW FC Bayern Robert Lewandowski
92%
FW FC Barcelona Luis Suarez
90%
DF Ajax Amsterdam/Juventus Matthijs de Ligt
90%
MF FC Liverpool Steven Gerrard
90%
FW FC Arsenal Thierry Henry
90%
DF FC Liverpool Trent Alexander-Arnold
90%
DF Real Madrid Raphael Varane
89%
FW FC Barcelona Ronaldinho
89%
FW Manchester United Wayne Rooney
89%
FW Paris Saint-Germain Zlatan Ibrahimovic
89%
MF AC Milan Andrea Pirlo
88%
DF FC Barcelona Carles Puyol
88%
FW FC Liverpool Fernando Torres
88%
MF Ajax Amsterdam/FC Barcelona Frenkie de Jong
88%
FW FC Bayern Arjen Robben
87%
FW FC Valencia/FC Barcelona David Villa
87%
2005 GK AC Milan Dida
87%
MF FC Chelsea Frank Lampard
87%
DF FC Chelsea John Terry
87%
DF AC Milan Alessandro Nesta
86%
FW FC Chelsea Didier Drogba
86%
MF FC Bayern/FC Liverpool Thiago Alcantara
86%
DF FC Chelsea/Paris Saint-Germain David Luiz
84%
DF Manchester United Nemanja Vidic
84%
DF Manchester United Rio Ferdinand
84%
MF FC Bayern Joshua Kimmich
83%
MF FC Chelsea N'Golo Kante
83%
MF Juventus Paul Pogba
83%
MF FC Chelsea | FC Chelsea/Real Madrid Eden Hazard
82%
MF FC Bayern Franck Ribery
82%
DF Juventus/AC Miland Leonardo Bonucci
82%
MF AC Milan Kaka
81%
FW FC Barcelona Samuel Eto'o
78%
DF Manchester United Patrice Evra
77%
MF Internazionale Wesley Sneijder
77%
MF Real Madrid/Manchester United Angel di Maria
76%
DF Juventus/Real Madrid | Real Madrid Fabio Cannavaro
76%
MF Real Madrid Zinedine Zidane
76%
DF FC Bayern Alphonso Davies
75%
MF Real Madrid Xabi Alonso
72%
DF AC Milan Cafu
71%
FW Atletico Madrid Radamel Falcao
69%
DF Internazionale Maicon
67%
FW AC Milan Andriy Shevchenko
65%
DF Internazionale Lucio
65%
MF FC Chelsea Claude Makelele
46%
DF Juventus/FC Barcelona Gianluca Zambrotta
40%
DF Juventus/FC Barcelona Lilian Thuram
35%
No matching quizzes found
Score Distribution
Percent of People with Each Score
Percentile by Number Answered
Your Score History
You have not taken this quiz